000 00269nam a22001217a 4500
008 170531b xxu||||| |||| 00| 0 eng d
041 _aeng
080 _a94
100 _a17
101 _aSHH
245 _aTHE NEXT ONE HUNDRED YEARS
_cWEINER.J
942 _2udc
_cBK
999 _c15164
_d15164